| 000 | 00756nam a2200229 a 4500 | ||
|---|---|---|---|
| 005 | 20240910064107.0 | ||
| 008 | 030514s2005 es r 000 0 spa d | ||
| 020 | _a843168142X | ||
| 035 | _aUPN01000124153 | ||
| 049 | _aI | ||
| 050 | 4 |
_aPZ76.3 _bW4.7 |
|
| 100 | 1 | _aWeninger, Brigitte | |
| 245 | 1 | 0 |
_aTodos para uno y uno para todos / _cBrigitte Weninger ; il. Eve Tharlet ; tr. Miguel Tristán. |
| 260 |
_aBarcelona, Esp. : _bVicens Vives, _c2005. |
||
| 300 |
_a[26] p. : _bprincipalmente il. col. |
||
| 534 |
_pTítulo original : _tEiner für alle-alle für einen! |
||
| 650 | 0 |
_aAnimales _vCuentos y leyendas _9234 |
|
| 650 | 4 |
_aLibros y lectura para niños _92290 |
|
| 650 | 7 |
_aAmistad _2 _94317 |
|
| 700 | 1 |
_aTharlet, Eve, _eil. |
|
| 905 | _aInfantil | ||
| 999 |
_c96332 _d96332 |
||